000 00778nam a2200193 a 4500
001 000043339
003 DO-SdBNP
005 20240307145003.0
008 140310s1995 sp 000 0 spa d
020 _a8481811092
040 _aDO-SdBNP
_bspa
_cBNPHU
245 0 0 _aCooperación y Coordinación Cultural.
260 _aMadrid :
_bMinisterio de Cultura. Secretaria General Técnica,
_c1996.
300 _a179 p. ;
_c24 cm.
490 0 _aAnálisis y documentos
505 0 _aEl ordenamiento jurídico --
_tLa unión de esfuerzos --
_tLos instrumentos de cooperación necesarios --
_tLa acción concertada del Ministerio de Cultura
710 1 _aEspaña.
_bMinisterio de Cultura.
_bSubsecretaría de Cultura.
_bCooperación y Coordinación Cultural.
_984995
942 _2ddc
_cLBS1
999 _c42828
_d42828